000 01079nam a22003377a 4500
003 CHAP
005 20220329134737.0
008 971013s1983 r 00010 d
010 _a25161
011 _a26133
035 _a30233
040 _cCHAP
082 _a632
_bC62 1983
110 _aCommonwealth Mycological Institute
_926023
245 _aPlant pathologist's pocketbook
250 _a2 ed.
260 _aLondon :
_bThe Commonwelth,
_c1983
300 _a439 p.
_b: ilus.
590 _aBATCH-UPD
_b10
_c20130110
_lUCH01
_h1022
590 _aBATCH-UPD
_b10
_c20130410
_lUCH01
_h0627
590 _aBATCH-UPD
_b10
_c20130914
_lUCH01
_h0518
590 _aCONVERSION
_b10
_c20130109
_lUCH01
_h1315
650 1 4 _aBacterias fitopatógenas.
_99326
650 1 4 _aFitopatología.
_941161
650 1 4 _aHongos fitopatógenos.
_956132
650 1 4 _aVirus.
_9119936
901 _aBK
942 _cLIBRO
949 _a632 C62 1983
_bBC
_cLIBRO
_d33724000173621
_eLIBRO
_gI.125137
_h64637
_i30233
_si
949 _a632 C62 1983
_bBC
_cLIBRO
_d33724000174462
_eLIBRO
_fc.2
_gI.c/e
_h78502
_i30233
_si
999 _c25161
_d25161